| 000 | 00444nam a2200169 a 4500 | ||
|---|---|---|---|
| 001 | 0000-8876 | ||
| 003 | ELIB.Books | ||
| 008 | 110520 1962 | ||
| 035 | _a(ELIB.Books)0000-9024 | ||
| 082 |
_a266 _bSko |
||
| 100 | _aSkoglund, John E. | ||
| 245 | _aTo the Whole Creation: the church is mission | ||
| 260 |
_bValley Forge: The Judson Press _c1962 |
||
| 650 | _aMission | ||
| 942 |
_2ddc _cBK |
||
| 998 |
_cbat _e2011-05-20 |
||
| 999 |
_c8876 _d8876 |
||